000 01776nam0a2200349 i 4500
001 RU\NLR\BIBL_A\010866799
005 20260406152542.0
010 _a9785389099128
_93000
021 _aRU
_b2015-73488
_94418
035 _a(NILC)RuMoRGB-008026419
035 _a(NLR Aleph) 010866799
090 _a10448448
_c10448448
100 _a20151022d2015 u y0rusy50 ca
101 1 _arus
_ceng
102 _aRU
105 _ay z 000gy
200 1 _aБремя белого человека
_eстихотворения
_fРедьярд Киплинг
_g[пер. с англ. Р. Дубровкина и др.]
210 _aСанкт-Петербург
_cАзбука
_cАзбука-Аттикус
_d2015
215 _a334, [1] с.
_d18
225 1 _aАзбука-классика
300 _aНа обл. авт.: Редьярд Киплинг, лауреат Нобелевской премии
327 1 _aСодерж.: Стихотворения; циклы: Военные эпитафии, 1914-1918; Стихотворные эпиграфи для книги Джона Локвуда Киплинга "Животное и человек в Индии"; Парадные марши для животных, прикомандированных к военному ведомству; Песни, написанные для книги Ч. Р. Л. Флетчера "История Англии", 1911
333 _a16+
675 _a821.111
686 1 _aШ6(4Вл)57-440.4{Лх1297-50}
700 1 _8rus
_7ca
_aКиплинг
_bР.
_f1865-1936
_gРедьярд
_3RU\NLR\AUTH\775969
_9115925
702 1 _aДубровкина
_bР.
_4730
801 0 _aRU
_bРГБ
_c20150923
_gRCR
942 _cBOOK
980 _aNBR